[Event "IECG CP.2005.P.00098"]
[Site "IECG email"]
[Date "2005.10.01"]
[Round "?"]
[White "Sanchez Roempler, Carlos"]
[Black "Marjevsky, Maxim"]
[Result "1-0"]
[WhiteElo "1913"]
[BlackElo "2222"]
[PlyCount "35"]
[EventDate "2005.10.01"]
[EventType "tourn (corr)"]
[EventRounds "6"]
[SourceTitle "Corr 2008"]
[Source "ChessBase"]
[SourceDate "2008.06.24"]
[SourceVersion "1"]
[SourceVersionDate "2008.06.24"]
[SourceQuality "1"]

1. d4 Nf6 2. c4 g6 3. Nc3 d5 4. cxd5 Nxd5 5. e4 Nxc3 6. bxc3 Bg7 7. Ba3 0-0 8. Nf3 Nd7 9. Bd3 c5 10. 0-0 b6 11. Rb1 Qc7 12. e5 Bb7 13. Qe2 e6 14. Ng5 Nxe5 15. dxe5 Bxe5 16. h3 Bxc3 17. Ne4 Bd4 18. Bb2 1-0

[Event "IECG CM.2005.0.00268 email"]
[Site "IECG email"]
[Date "2005.02.20"]
[Round "?"]
[White "Busch, Karl"]
[Black "Marjevsky, Maxim"]
[Result "1-0"]
[WhiteElo "2088"]
[BlackElo "2222"]
[PlyCount "51"]
[EventDate "2005.02.20"]
[EventType "tourn (corr)"]
[EventRounds "6"]
[SourceTitle "Corr 2008"]
[Source "ChessBase"]
[SourceDate "2008.06.24"]
[SourceVersion "1"]
[SourceVersionDate "2008.06.24"]
[SourceQuality "1"]

1. e4 e6 2. d4 d5 3. Nd2 c5 4. Ngf3 Nf6 5. e5 Nfd7 6. c3 Nc6 7. Bd3 Qb6 8. 0-0 Be7 9. dxc5 Nxc5 10. Bc2 Qc7 11. Re1 0-0 12. Nb3 b6 13. Nbd4 Ba6 14. Nxc6 Qxc6 15. Nd4 Qc7 16. Qg4 Rfc8 17. Bh6 g6 18. Re3 Bb7 19. h4 Bf8 20. Bxf8 Rxf8 21. h5 Rfe8 22. Nb5 Qe7 23. Nd6 Rf8 24. hxg6 fxg6 25. Bxg6 hxg6 26. b4 1-0

[Event "IECG CM.2005.0.00268 email"]
[Site "IECG email"]
[Date "2005.02.20"]
[Round "?"]
[White "Marjevsky, Maxim"]
[Black "Bourgault, Pierre"]
[Result "1/2-1/2"]
[WhiteElo "2222"]
[BlackElo "2222"]
[PlyCount "45"]
[EventDate "2005.02.20"]
[EventType "tourn (corr)"]
[EventRounds "6"]
[SourceTitle "Corr 2008"]
[Source "ChessBase"]
[SourceDate "2008.06.24"]
[SourceVersion "1"]
[SourceVersionDate "2008.06.24"]
[SourceQuality "1"]

1. e4 e5 2. Nf3 Nf6 3. d4 exd4 4. e5 Ne4 5. Qxd4 d5 6. exd6 Nxd6 7. Nc3 Nc6 8. Qf4 Be6 9. Bd3 Be7 10. 0-0 0-0 11. Be3 Qd7 12. Bc5 Rad8 13. Rad1 Qc8 14. Ng5 Bxg5 15. Qxg5 Rfe8 16. Qf4 f6 17. Ne4 Nf5 18. Bb5 Rxd1 19. Rxd1 Rd8 20. Rxd8+ Qxd8 21. Qd2 Qxd2 22. Nxd2 Nfd4 23. Bd3 1/2-1/2

[Event "IECG CM.2005.0.00268 email"]
[Site "IECG email"]
[Date "2005.02.20"]
[Round "?"]
[White "Marjevsky, Maxim"]
[Black "Carroll, Patrick J"]
[Result "0-1"]
[WhiteElo "2222"]
[BlackElo "2225"]
[PlyCount "53"]
[EventDate "2005.02.20"]
[EventType "tourn (corr)"]
[EventRounds "6"]
[SourceTitle "Corr 2008"]
[Source "ChessBase"]
[SourceDate "2008.06.24"]
[SourceVersion "1"]
[SourceVersionDate "2008.06.24"]
[SourceQuality "1"]

1. e4 c5 2. Nf3 Nc6 3. d4 cxd4 4. Nxd4 Nf6 5. Nc3 e5 6. Ndb5 d6 7. Bg5 a6 8. Na3 b5 9. Bxf6 gxf6 10. Nd5 f5 11. c3 Bg7 12. Bd3 Ne7 13. 0-0 0-0 14. Qd2 Nxd5 15. exd5 f4 16. c4 bxc4 17. Nxc4 f5 18. Qb4 e4 19. Be2 Qg5 20. Qd2 Rf6 21. Nb6 Rg6 22. g3 Rb8 23. Nxc8 Rxc8 24. Bxa6 Ra8 25. Bb5 Qh5 26. Rfb1 Be5 27. Be2 0-1

[Event "IECG CM.2003.0.00214 email"]
[Site "IECG email"]
[Date "2003.03.16"]
[Round "?"]
[White "Marjevsky, Maxim"]
[Black "Demyak, Mykola"]
[Result "1/2-1/2"]
[WhiteElo "2222"]
[BlackElo "2209"]
[PlyCount "31"]
[EventDate "2003.03.16"]
[EventType "tourn (corr)"]
[EventRounds "6"]
[SourceTitle "Corr 2008"]
[Source "ChessBase"]
[SourceDate "2008.06.24"]
[SourceVersion "1"]
[SourceVersionDate "2008.06.24"]
[SourceQuality "1"]

1. e4 e5 2. Nf3 Nc6 3. Bb5 a6 4. Ba4 Nf6 5. 0-0 Be7 6. Re1 b5 7. Bb3 d6 8. c3 0-0 9. d4 Bg4 10. d5 Na5 11. Bc2 c6 12. h3 Bc8 13. dxc6 Qc7 14. Nbd2 Qxc6 15. Nf1 Nc4 16. Ng3 1/2-1/2

[Event "IECG CM.2003.0.00214 email"]
[Site "IECG email"]
[Date "2003.03.16"]
[Round "?"]
[White "Marjevsky, Maxim"]
[Black "Dutra Neto, Alfredo Carlos S"]
[Result "1/2-1/2"]
[WhiteElo "2222"]
[BlackElo "2161"]
[PlyCount "45"]
[EventDate "2003.03.16"]
[EventType "tourn (corr)"]
[EventRounds "6"]
[SourceTitle "Corr 2008"]
[Source "ChessBase"]
[SourceDate "2008.06.24"]
[SourceVersion "1"]
[SourceVersionDate "2008.06.24"]
[SourceQuality "1"]

1. e4 c5 2. Nf3 Nc6 3. d4 cxd4 4. Nxd4 Nf6 5. Nc3 e5 6. Ndb5 d6 7. Bg5 a6 8. Na3 b5 9. Nd5 Be7 10. Bxf6 Bxf6 11. c3 0-0 12. Nc2 Bg5 13. a4 bxa4 14. Rxa4 a5 15. Bb5 Ne7 16. Ncb4 Bd7 17. Nxe7+ Bxe7 18. Nc6 Qe8 19. Qd5 Be6 20. Qd3 Bd7 21. Qd5 Be6 22. Qd3 Bd7 23. Qd5 1/2-1/2

[Event "IECG CM.2003.0.00214 email"]
[Site "IECG email"]
[Date "2003.03.16"]
[Round "?"]
[White "Percze, Rajmond"]
[Black "Marjevsky, Maxim"]
[Result "1-0"]
[WhiteElo "2220"]
[BlackElo "2222"]
[PlyCount "49"]
[EventDate "2003.03.16"]
[EventType "tourn (corr)"]
[EventRounds "6"]
[SourceTitle "Corr 2008"]
[Source "ChessBase"]
[SourceDate "2008.06.24"]
[SourceVersion "1"]
[SourceVersionDate "2008.06.24"]
[SourceQuality "1"]

1. e4 e6 2. d4 d5 3. Nc3 Bb4 4. e5 c5 5. a3 cxd4 6. axb4 dxc3 7. Nf3 Ne7 8. Bd3 Nd7 9. 0-0 Nc6 10. Re1 cxb2 11. Bxb2 Nxb4 12. Ba3 Nc6 13. Bd6 a6 14. c4 dxc4 15. Bxc4 Nb6 16. Bd3 Nd5 17. Nd2 Nf4 18. Be4 Bd7 19. Nc4 b5 20. Qf3 Rc8 21. Qxf4 bxc4 22. Qg3 g6 23. Rxa6 h6 24. Rd1 Qg5 25. Qc3 1-0